00494nam a2200145Ia 4500008004100000041000800041100001200049245006400061260001800125300000900143520002200152999001900174650003100193952012400224230818s1982 xx 000 0 und d aeng aDouglas aCassell`s concise french English- English French Dictionary bCassellc1982 a658p aHard Board | Misc c853762d853762 a English French Dictionary 00104070aHMMbHMMd2023-08-18eSonhira book Centreg126.00l0pHMM-B210r2023-08-18 00:00:00v140.00w2023-08-18yBK